Vắc xin trong thú y

Cung cấp các kiến thức cơ bản về vắc xin dùng trong thú y, khái niệm về vắc xin, khả năng đáp ứng miễn dịch, phân loại, các thành phần phụ trong vắc xin, phương pháp đánh giá và các yếu tố liên quan đến hiệu quả dùng vắc xin. Giới thiệu...

Täydet tiedot

Tallennettuna:
Bibliografiset tiedot
Päätekijä: Võ, Thị Trà An
Aineistotyyppi: Kirja
Kieli:Undetermined
Julkaistu: Hà Nội Nông nghiệp 2011
Aiheet:
Tagit: Lisää tagi
Ei tageja, Lisää ensimmäinen tagi!
Thư viện lưu trữ: Trung tâm Học liệu Trường Đại học Cần Thơ
LEADER 01109nam a2200205Ia 4500
001 CTU_167983
008 210402s9999 xx 000 0 und d
020 |c 45000 
082 |a 636.089 
082 |b A105 
100 |a Võ, Thị Trà An 
245 0 |a Vắc xin trong thú y 
245 0 |c Võ Thị Trà An, Võ Ngọc Bảo 
260 |a Hà Nội 
260 |b Nông nghiệp 
260 |c 2011 
520 |a Cung cấp các kiến thức cơ bản về vắc xin dùng trong thú y, khái niệm về vắc xin, khả năng đáp ứng miễn dịch, phân loại, các thành phần phụ trong vắc xin, phương pháp đánh giá và các yếu tố liên quan đến hiệu quả dùng vắc xin. Giới thiệu một số loại bệnh và vắc xin phòng bệnh cho các vật nuôi: heo, gia cầm, trâu bò... 
650 |a Veterinary epidemiology,Veterinary vaccines,Dịch tễ học thú y,Vắc xin thú y 
910 |a Nguyên 
980 |a Trung tâm Học liệu Trường Đại học Cần Thơ